Multiple-Choice-Stadtquiz Reutlingen - Statistiken

Allgemein
  • Dieses Quiz wurde 57 mal gespielt
  • Das Durchschnittsergebnis liegt bei 7 aus 10
Antwortstatistiken
Frage Antwort % Korrekt
In welchem Bundesland liegt Reutlingen? Baden-Württemberg
98%
In Reutlingen findet man ... die engste Straße der Welt
87%
Was ist das Kfz-Kennzeichen von Reutlingen? RT
87%
Reutlingen liegt am Rand von welchem Mittelgebirge? Schwäbische Alb
85%
Welche Mittelstadt befindet sich in naher Nachbarschaft zu Reutlingen? Tübingen
83%
In welchen beiden deutschen Bundesländern findet man eine Stadt, die größer ist als Reutlingen und auch mit R beginnt? Bayern und Mecklenburg-Vorpommern
77%
Wie heißt ein kleiner Fluss, der durch Reutlingen fließt? Echaz
72%
Wie viele Einwohner hat Reutlingen? 119.000
68%
Reutlingen ist die einzige Großstadt Deutschlands ... ohne einen einzigen Meter Autobahn auf dem Stadtgebiet.
64%
Der höchste Punkt auf dem Stadtgebiet liegt ... Meter hoch. 869
13%
Keine übereinstimmenden Quizze gefunden
Verteilung der Resultate
Anzahl Personen mit jedem Resultat
Perzentil nach korrekt beantworteten Fragen
Ihre Resultats-Entwicklung
Sie haben dieses Quiz noch nicht gespielt